[Event "Bethune op-B 25th"]
[Site "Bethune"]
[Date "2004.12.29"]
[Round "5"]
[White "Liparo, Alexandra"]
[Black "Di Filippo, Mauro"]
[Result "1-0"]
[WhiteElo "1370"]
[BlackElo "1620"]
[PlyCount "79"]
[EventDate "2004.12.26"]
[EventType "swiss"]
[EventRounds "7"]
[EventCountry "FRA"]
[SourceTitle "EXT 2006"]
[Source "ChessBase"]
[SourceDate "2005.11.24"]
[SourceVersion "1"]
[SourceVersionDate "2005.11.24"]
[SourceQuality "1"]

1. e4 e5 2. Nf3 Nc6 3. Bc4 h6 4. d3 Nf6 5. Nc3 Bb4 6. 0-0 Bxc3 7. bxc3 0-0 8. Bb2 Re8 9. Re1 Na5 10. Bb3 Nxb3 11. cxb3 d6 12. h3 b6 13. Nd2 Bb7 14. d4 exd4 15. cxd4 Bxe4 16. Nxe4 Rxe4 17. Rxe4 Nxe4 18. d5 Qg5 19. Rc1 Rc8 20. Rc4 Nf6 21. Qa1 b5 22. Rc3 Ne4 23. Re3 f5 24. Qc1 Qg6 25. Qc2 Qf7 26. g4 g6 27. gxf5 Qxf5 28. Rxe4 Rf8 29. Re2 Qxc2 30. Rxc2 Rc8 31. Kh2 Kf7 32. Bd4 a5 33. Bb6 a4 34. bxa4 bxa4 35. Rxc7+ Rxc7 36. Bxc7 Ke7 37. Kg3 Kd7 38. Bb8 Kc8 39. Bxd6 Kd7 40. Bf4 1-0

[Event "Bethune op-B 25th"]
[Site "Bethune"]
[Date "2004.12.26"]
[Round "1"]
[White "Delannoy, Frederic"]
[Black "Di Filippo, Mauro"]
[Result "1-0"]
[WhiteElo "1760"]
[BlackElo "1620"]
[PlyCount "106"]
[EventDate "2004.12.26"]
[EventType "swiss"]
[EventRounds "7"]
[EventCountry "FRA"]
[SourceTitle "EXT 2006"]
[Source "ChessBase"]
[SourceDate "2005.11.24"]
[SourceVersion "1"]
[SourceVersionDate "2005.11.24"]
[SourceQuality "1"]

1. e4 e5 2. Nf3 Nc6 3. d4 exd4 4. Nxd4 Qh4 5. Nb5 Qxe4+ 6. Be2 Bd6 7. Nxd6+ cxd6 8. Nc3 Qxg2 9. Bf3 Qg6 10. Nb5 Nb4 11. Nxd6+ Ke7 12. Ne4 d5 13. Bd2 dxe4 14. Bxb4+ Ke8 15. Qe2 Qe6 16. Qxe4 Qxe4+ 17. Bxe4 Bd7 18. Bc3 Nf6 19. Bxb7 Rb8 20. Bf3 Ke7 21. 0-0-0 Rhe8 22. Rhe1+ Kd8 23. Bxf6+ gxf6 24. Rxe8+ Kxe8 25. Rd4 Ke7 26. Rh4 Rc8 27. c3 Bf5 28. Rd4 Rc7 29. Be4 Bg6 30. Bd3 f5 31. h4 h5 32. Rd5 Ke6 33. Ra5 Kd6 34. Bxf5 Bxf5 35. Rxf5 Re7 36. Kd2 Re5 37. Rxe5 Kxe5 38. Ke3 f5 39. f4+ Kd5 40. b3 a5 41. a3 Kc5 42. Kd3 Kd5 43. b4 axb4 44. cxb4 Kc6 45. Kc4 Kb6 46. a4 Kc6 47. a5 Kb7 48. Kc5 Kc7 49. b5 Kb7 50. a6+ Kb8 51. Kc6 Ka8 52. b6 Kb8 53. a7+ Ka8 1-0